000 00300nam a22001337a 4500
003 SGT
082 _a615
_bLAV
100 _aLAVANDE, DR. JIWAN P.
245 _aA TEXTBOOK OF PHARMACEUTICAL
260 _aINDIA
_bPEE VEE PUB.
_c2020
300 _a199
650 _aPHARMACEUTICAL
942 _2ddc
_cBK
999 _c32455
_d32455